[Event "Eschborn op 11th"]
[Site "Eschborn"]
[Date "2014.09.07"]
[Round "4"]
[White "Fussnecker, Manfred"]
[Black "Mager, Denis"]
[Result "0-1"]
[WhiteElo "1897"]
[BlackElo "2131"]
[PlyCount "54"]
[EventDate "2014.09.05"]
[EventType "swiss"]
[EventRounds "5"]
[EventCountry "GER"]
[SourceTitle "EXT 2015"]
[Source "ChessBase"]
[SourceDate "2014.11.20"]
[SourceVersion "1"]
[SourceVersionDate "2014.11.20"]
[SourceQuality "1"]

1. e4 c5 2. Nf3 d6 3. Bb5+ Nd7 4. Nc3 a6 5. Bxd7+ Bxd7 6. d4 cxd4 7. Qxd4 e6 8. 0-0 Nf6 9. Bg5 Be7 10. Rad1 Bc6 11. Rfe1 0-0 12. Rd3 Qa5 13. Bd2 Qc7 14. Ng5 h6 15. f4 hxg5 16. fxg5 Ng4 17. Rh3 e5 18. Qb4 a5 19. Qb3 a4 20. Nxa4 Rxa4 21. g6 Bd7 22. Be3 Rxe4 23. gxf7+ Rxf7 24. Rf1 Bf6 25. Rh8+ Kxh8 26. Qxf7 Rxe3 27. h3 Rxh3 0-1

[Event "Eschborn op 11th"]
[Site "Eschborn"]
[Date "2014.09.06"]
[Round "3"]
[White "Weil, Michael"]
[Black "Fussnecker, Manfred"]
[Result "0-1"]
[WhiteElo "1849"]
[BlackElo "1897"]
[PlyCount "76"]
[EventDate "2014.09.05"]
[EventType "swiss"]
[EventRounds "5"]
[EventCountry "GER"]
[SourceTitle "EXT 2015"]
[Source "ChessBase"]
[SourceDate "2014.11.20"]
[SourceVersion "1"]
[SourceVersionDate "2014.11.20"]
[SourceQuality "1"]

1. d4 Nf6 2. Nf3 g6 3. Bg5 Bg7 4. Nbd2 c5 5. e3 cxd4 6. exd4 0-0 7. c3 d5 8. Bd3 Nc6 9. 0-0 Be6 10. Bh4 a6 11. Ng5 Bg4 12. f3 Bd7 13. f4 Qb6 14. Nb3 e5 15. fxe5 Nxe5 16. Nc5 Nxd3 17. Nxd7 Nxd7 18. Qxd3 Ne5 19. Qh3 h6 20. Nf3 Rae8 21. Nxe5 Rxe5 22. Rf2 Re4 23. Raf1 f5 24. Bg3 Kh7 25. Bf4 Rfe8 26. Qf3 Qb5 27. h4 Re2 28. b3 Rxf2 29. Rxf2 Re4 30. h5 Re1+ 31. Kh2 g5 32. Be5 f4 33. Qg4 Qd3 34. Bxg7 Qb1 35. Rxf4 Rh1+ 36. Kg3 gxf4+ 37. Qxf4 Qe1+ 38. Kg4 Rh4+ 0-1

[Event "Frankfurt-chA"]
[Site "Frankfurt"]
[Date "2013.06.03"]
[Round "5"]
[White "Fussnecker, Manfred"]
[Black "Kaliski, Erwin"]
[Result "0-1"]
[WhiteElo "2022"]
[BlackElo "2266"]
[PlyCount "84"]
[EventDate "2013.04.29"]
[EventType "swiss"]
[EventRounds "7"]
[EventCountry "GER"]
[SourceTitle "EXT 2014"]
[Source "ChessBase"]
[SourceDate "2013.11.20"]
[SourceVersion "1"]
[SourceVersionDate "2013.11.20"]
[SourceQuality "1"]

1. e4 e6 2. f4 d5 3. e5 c5 4. Nf3 Nc6 5. c3 Nh6 6. Na3 Nf5 7. Nc2 d4 8. Bd3 Be7 9. 0-0 0-0 10. Qe2 g6 11. Be4 Qb6 12. Kh1 Rd8 13. b3 a5 14. cxd4 Nfxd4 15. Nfxd4 Nxd4 16. Nxd4 cxd4 17. Rf3 Bd7 18. Bb2 a4 19. a3 axb3 20. Rh3 Bc6 21. Qd3 Bxe4 22. Qxe4 Rac8 23. g4 Rc2 24. Rb1 Rxd2 25. f5 Qc6 26. Qxc6 bxc6 27. Rxb3 exf5 28. gxf5 c5 29. Rb7 Bf8 30. fxg6 hxg6 31. Rf1 c4 32. Rbxf7 Rxb2 33. e6 Re2 34. R1f6 Rxe6 35. Rxf8+ Rxf8 36. Rxe6 Kf7 37. Rc6 c3 38. Kg2 Ke7 39. Rc4 Rf4 40. a4 Kd6 41. a5 Kd5 42. Rc8 Rf6 0-1

[Event "Frankfurt-chA"]
[Site "Frankfurt"]
[Date "2013.05.27"]
[Round "4"]
[White "Stockmann, Michael"]
[Black "Fussnecker, Manfred"]
[Result "1/2-1/2"]
[WhiteElo "2276"]
[BlackElo "2022"]
[PlyCount "61"]
[EventDate "2013.04.29"]
[EventType "swiss"]
[EventRounds "7"]
[EventCountry "GER"]
[SourceTitle "EXT 2014"]
[Source "ChessBase"]
[SourceDate "2013.11.20"]
[SourceVersion "1"]
[SourceVersionDate "2013.11.20"]
[SourceQuality "1"]

1. d4 Nf6 2. Nf3 c5 3. e3 cxd4 4. exd4 e6 5. c4 d5 6. Nc3 Nc6 7. a3 a6 8. Bd3 dxc4 9. Bxc4 Bd6 10. 0-0 0-0 11. Bg5 b5 12. Bd3 Be7 13. Qc2 Nxd4 14. Nxd4 Qxd4 15. Be4 Rb8 16. Rad1 Qc5 17. Bxf6 Bxf6 18. Bxh7+ Kh8 19. Be4 b4 20. Rd3 g6 21. Rh3+ Kg7 22. Qd2 Bg5 23. Na4 Qb5 24. Qd1 Rd8 25. Qb3 Bd7 26. Bc2 Qxa4 27. Qxa4 Bxa4 28. Bxa4 Bf6 29. axb4 Rxb4 30. b3 Rd2 31. Rf3 1/2-1/2

[Event "Frankfurt-chA"]
[Site "Frankfurt"]
[Date "2013.05.06"]
[Round "2"]
[White "Jaehnert, Wolfgang"]
[Black "Fussnecker, Manfred"]
[Result "0-1"]
[WhiteElo "1551"]
[BlackElo "2022"]
[PlyCount "90"]
[EventDate "2013.04.29"]
[EventType "swiss"]
[EventRounds "7"]
[EventCountry "GER"]
[SourceTitle "EXT 2014"]
[Source "ChessBase"]
[SourceDate "2013.11.20"]
[SourceVersion "1"]
[SourceVersionDate "2013.11.20"]
[SourceQuality "1"]

1. d4 Nf6 2. Nf3 e6 3. g3 c5 4. Bg2 Nc6 5. c3 d5 6. 0-0 Bd6 7. Bg5 h6 8. Bxf6 Qxf6 9. e3 0-0 10. Nbd2 Qg6 11. dxc5 Bxc5 12. Nb3 Be7 13. Nfd4 Ne5 14. Qc2 Qxc2 15. Nxc2 Nc4 16. Rab1 Bd7 17. Rfd1 Ba4 18. Nbd4 Nb6 19. Rbc1 Rfd8 20. Bf1 Bf6 21. Nb3 Rac8 22. Be2 Nd7 23. Kg2 Nc5 24. Nxc5 Rxc5 25. Rd2 e5 26. b3 Bc6 27. Nb4 d4+ 28. Nxc6 Rxc6 29. c4 e4 30. h4 d3 31. Bf1 Be7 32. Kh3 Bb4 33. Rdd1 f5 34. Bg2 g5 35. g4 Ra6 36. a4 fxg4+ 37. Kxg4 Re6 38. hxg5 hxg5 39. f3 exf3 40. Bxf3 Rxe3 41. Bd5+ Kg7 42. Rf1 d2 43. Rcd1 Re1 44. Kxg5 Rf8 45. Bg2 Rfxf1 0-1

[Event "Frankfurt-chA"]
[Site "Frankfurt"]
[Date "2012.05.31"]
[Round "4"]
[White "Nagel, Norbert"]
[Black "Fussnecker, Manfred"]
[Result "1/2-1/2"]
[WhiteElo "1779"]
[BlackElo "1876"]
[PlyCount "120"]
[EventDate "2012.04.30"]
[EventType "swiss"]
[EventRounds "7"]
[EventCountry "GER"]
[SourceTitle "EXT 2013"]
[Source "ChessBase"]
[SourceDate "2012.11.22"]
[SourceVersion "1"]
[SourceVersionDate "2012.11.22"]
[SourceQuality "1"]

1. Nf3 g6 2. c4 Bg7 3. Nc3 Nf6 4. g3 0-0 5. Bg2 c5 6. 0-0 Nc6 7. Rb1 d5 8. cxd5 Nxd5 9. Qb3 Nxc3 10. bxc3 Be6 11. Qc2 Bd5 12. d3 Qd7 13. e4 Be6 14. Ng5 b6 15. Nxe6 Qxe6 16. f4 Rad8 17. Be3 Rd7 18. Rbd1 Rfd8 19. Rd2 Qd6 20. Rfd1 e5 21. Bh3 Re7 22. f5 gxf5 23. Bxf5 Bh6 24. Re2 Bxe3+ 25. Rxe3 c4 26. Qe2 Qh6 27. Rf3 Qd6 28. g4 f6 29. Kf1 Rg7 30. Ke1 Na5 31. dxc4 Qxd1+ 32. Qxd1 Rxd1+ 33. Kxd1 Rc7 34. Be6+ Kg7 35. Kc2 Nxc4 36. Bxc4 Rxc4 37. Kd3 Ra4 38. Rf2 b5 39. h4 Ra3 40. g5 fxg5 41. hxg5 b4 42. Kc4 Rxc3+ 43. Kxb4 Re3 44. a4 Rxe4+ 45. Kb5 Kg6 46. a5 Kxg5 47. Rf7 h5 48. Rxa7 h4 49. Rh7 Re2 50. a6 Ra2 51. a7 h3 52. Kc4 Kf4 53. Rf7+ Ke3 54. Rh7 h2 55. Rxh2 Rxa7 56. Rh3+ Kf4 57. Rh4+ Kg5 58. Re4 Kf5 59. Re1 Ra4+ 60. Kd3 Rd4+ 1/2-1/2

[Event "Frankfurt-chA"]
[Site "Frankfurt"]
[Date "2012.04.30"]
[Round "1"]
[White "Fussnecker, Manfred"]
[Black "Willenbring, Jens Dirk"]
[Result "1/2-1/2"]
[WhiteElo "1876"]
[BlackElo "1522"]
[PlyCount "90"]
[EventDate "2012.04.30"]
[EventType "swiss"]
[EventRounds "7"]
[EventCountry "GER"]
[SourceTitle "EXT 2013"]
[Source "ChessBase"]
[SourceDate "2012.11.22"]
[SourceVersion "1"]
[SourceVersionDate "2012.11.22"]
[SourceQuality "1"]

1. e4 c5 2. Nf3 Nc6 3. Bb5 g6 4. 0-0 Bg7 5. Re1 Nf6 6. Nc3 0-0 7. e5 Ne8 8. Nd5 Nc7 9. Bc4 Nxd5 10. Bxd5 Qc7 11. Qe2 e6 12. Bxc6 Qxc6 13. d4 b6 14. Bg5 d5 15. Qe3 cxd4 16. Nxd4 Qc5 17. c3 Ba6 18. Bh6 Qe7 19. Rad1 Rac8 20. Nf3 Rc4 21. Rd4 Rfc8 22. Red1 Rxd4 23. Rxd4 Rc4 24. Bxg7 Kxg7 25. h4 Rxd4 26. Qxd4 Be2 27. Ng5 h6 28. Nh3 Bc4 29. b3 Ba6 30. h5 Be2 31. hxg6 fxg6 32. Nf4 Bb5 33. c4 dxc4 34. bxc4 Bc6 35. Qd8 Qf7 36. Qc7 Qxc7 37. Nxe6+ Kf7 38. Nxc7 g5 39. f3 Ke7 40. Kf2 Kd7 41. Na6 Ke6 42. Nb4 Bb7 43. Ke3 Kxe5 44. Nd3+ Kd6 45. Kd4 Bc8 1/2-1/2

[Event "Hessen-chA"]
[Site "Offenbach"]
[Date "2012.04.06"]
[Round "6"]
[White "Rudolph, Lukas"]
[Black "Fussnecker, Manfred"]
[Result "1-0"]
[WhiteElo "1954"]
[BlackElo "2002"]
[PlyCount "69"]
[EventDate "2012.04.05"]
[EventType "swiss"]
[EventRounds "7"]
[EventCountry "GER"]
[SourceTitle "EXT 2013"]
[Source "ChessBase"]
[SourceDate "2012.11.22"]
[SourceVersion "1"]
[SourceVersionDate "2012.11.22"]
[SourceQuality "1"]

1. e4 e5 2. Nf3 d6 3. d4 exd4 4. Nxd4 Nf6 5. Nc3 Be7 6. Bf4 0-0 7. Qd2 c6 8. 0-0-0 b5 9. f3 b4 10. Nce2 c5 11. Nf5 Bxf5 12. exf5 d5 13. g4 d4 14. h4 Nd5 15. g5 Bd6 16. Bxd6 Qxd6 17. Kb1 Nb6 18. Nf4 N8d7 19. f6 Rfe8 20. Bd3 Ne5 21. Be4 Nbc4 22. Qh2 Rab8 23. h5 b3 24. cxb3 Ne3 25. Rdg1 N5g4 26. Bxh7+ Kxh7 27. g6+ Kg8 28. fxg4 Qxf6 29. h6 Nxg4 30. gxf7+ Qxf7 31. Rxg4 Qf5+ 32. Kc1 Qxg4 33. Rg1 Re1+ 34. Rxe1 g5 35. h7+ 1-0

[Event "Hessen-chA"]
[Site "Offenbach"]
[Date "2012.04.05"]
[Round "3"]
[White "Partzsch, Lukas"]
[Black "Fussnecker, Manfred"]
[Result "0-1"]
[WhiteElo "2124"]
[BlackElo "2002"]
[PlyCount "110"]
[EventDate "2012.04.05"]
[EventType "swiss"]
[EventRounds "7"]
[EventCountry "GER"]
[SourceTitle "EXT 2013"]
[Source "ChessBase"]
[SourceDate "2012.11.22"]
[SourceVersion "1"]
[SourceVersionDate "2012.11.22"]
[SourceQuality "1"]

1. d4 f5 2. Nf3 Nf6 3. g3 g6 4. Bg2 Bg7 5. 0-0 0-0 6. c4 d6 7. d5 Qe8 8. Nd4 c6 9. Nc3 e5 10. dxe6 Bxe6 11. Nxe6 Qxe6 12. Qb3 Rf7 13. Rd1 Na6 14. Bf4 Nc5 15. Qb4 Nfe4 16. Nxe4 Nxe4 17. f3 g5 18. Bc1 Nc5 19. Bxg5 Qxe2 20. Rd2 a5 21. Qa3 Qxc4 22. Rxd6 Bf8 23. Bf1 Qb4 24. Qxb4 axb4 25. Rdd1 Rd7 26. Rxd7 Nxd7 27. Bd3 Ne5 28. Be2 c5 29. Be3 c4 30. Bd4 Nd3 31. Rd1 Rd8 32. Be3 b5 33. Kf1 Re8 34. Bd4 Rd8 35. Bf2 Bg7 36. b3 Kf7 37. Be1 Bc3 38. Bf2 Ra8 39. Bxd3 cxd3 40. Rxd3 Rxa2 41. Rd5 Ke6 42. Rxb5 Ra1+ 43. Kg2 Rb1 44. Rb6+ Kd5 45. Rb5+ Kc6 46. Rc5+ Kd6 47. Rxf5 Rxb3 48. Kh3 Rb1 49. Rf4 Kd5 50. Rf7 b3 51. Rd7+ Kc6 52. Rxh7 b2 53. Rh6+ Kd5 54. Rh5+ Ke6 55. Rh6+ Kf7 0-1

[Event "Frankfurt-ch"]
[Site "Frankfurt"]
[Date "2011.05.23"]
[Round "4"]
[White "Fussnecker, Manfred"]
[Black "Benninger, Rudolf"]
[Result "1/2-1/2"]
[WhiteElo "1999"]
[BlackElo "2154"]
[PlyCount "125"]
[EventDate "2011.05.02"]
[EventType "swiss"]
[EventRounds "7"]
[EventCountry "GER"]
[SourceTitle "EXT 2012"]
[Source "ChessBase"]
[SourceDate "2011.11.24"]
[SourceVersion "1"]
[SourceVersionDate "2011.11.24"]
[SourceQuality "1"]

1. e4 g6 2. d4 Bg7 3. Nc3 c6 4. f4 d5 5. e5 Nh6 6. Nf3 Bg4 7. Be3 f6 8. h3 Bxf3 9. Qxf3 0-0 10. Qe2 fxe5 11. dxe5 e6 12. 0-0-0 Nd7 13. h4 Nf5 14. Bf2 Bh6 15. g3 b5 16. h5 g5 17. Qg4 Kh8 18. Bd3 gxf4 19. gxf4 Nxe5 20. Qh3 Bxf4+ 21. Kb1 Nxd3 22. Rxd3 Qf6 23. Re1 e5 24. Ne2 Bh6 25. Rf3 Qe6 26. Nd4 Nxd4 27. Bxd4 Qxh3 28. Bxe5+ Bg7 29. Bxg7+ Kxg7 30. Rxh3 Rae8 31. h6+ Kf7 32. Rf3+ Kg8 33. Rg1+ Kh8 34. Rxf8+ Rxf8 35. Re1 Kg8 36. Rg1+ Kf7 37. Rg7+ Ke6 38. a4 Rf7 39. axb5 cxb5 40. Rg8 Rf6 41. Rg7 Rxh6 42. Rxa7 Rh1+ 43. Ka2 Kd6 44. Kb3 h5 45. Kb4 Rh2 46. Kxb5 Rxc2 47. b4 Ke5 48. Rh7 Rh2 49. Kc5 d4 50. Re7+ Kf6 51. Rd7 Rc2+ 52. Kb5 Ke5 53. Rh7 Rh2 54. Kc4 h4 55. Re7+ Kf4 56. Kxd4 Rd2+ 57. Kc5 h3 58. Rf7+ Kg3 59. b5 Rf2 60. Rg7+ Kf3 61. Rf7+ Kg2 62. Rxf2+ Kxf2 63. b6 1/2-1/2

[Event "Frankfurt-ch"]
[Site "Frankfurt"]
[Date "2011.05.02"]
[Round "1"]
[White "Zerhusen, Martin"]
[Black "Fussnecker, Manfred"]
[Result "1/2-1/2"]
[WhiteElo "1650"]
[BlackElo "1999"]
[PlyCount "105"]
[EventDate "2011.05.02"]
[EventType "swiss"]
[EventRounds "7"]
[EventCountry "GER"]
[SourceTitle "EXT 2012"]
[Source "ChessBase"]
[SourceDate "2011.11.24"]
[SourceVersion "1"]
[SourceVersionDate "2011.11.24"]
[SourceQuality "1"]

1. d4 f5 2. g3 Nf6 3. c4 d6 4. Nf3 g6 5. Bg2 Bg7 6. Nc3 0-0 7. 0-0 Qe8 8. e3 Na6 9. b3 Bd7 10. Bb2 Rd8 11. a3 e5 12. dxe5 dxe5 13. Qc2 Nc5 14. Rad1 e4 15. Ne1 Be6 16. Rxd8 Qxd8 17. Nb5 a6 18. Nd4 Bf7 19. b4 Ne6 20. Nxe6 Bxe6 21. Bd4 Ng4 22. Bxg7 Kxg7 23. Qc3+ Qf6 24. Qc1 Ne5 25. Nc2 Bxc4 26. Rd1 Be2 27. Rd2 Nf3+ 28. Bxf3 Bxf3 29. Nd4 Rf7 30. Qc4 Re7 31. Qd5 f4 32. gxf4 Qh4 33. Qg5 Qg4+ 34. Qxg4 Bxg4 35. Rc2 Kf6 36. Kg2 g5 37. Kg3 Bd1 38. Rc5 gxf4+ 39. Kxf4 h6 40. Nf5 Re8 41. Nxh6 Rh8 42. Ng4+ Bxg4 43. Kxg4 Rxh2 44. Rxc7 Rxf2 45. Rxb7 Ke5 46. Rc7 Rg2+ 47. Kh3 Re2 48. Rc5+ Kd6 49. Rc3 Re1 50. Kg3 Rf1 51. Kg4 Rf2 52. Kg3 Rf1 53. Kg4 1/2-1/2

[Event "Hessen-ch Gr-C 64th"]
[Site "Bad Vilbel"]
[Date "2010.04.04"]
[Round "7"]
[White "Fussnecker, Manfred"]
[Black "Baskin, Robert"]
[Result "0-1"]
[WhiteElo "1963"]
[BlackElo "1828"]
[PlyCount "68"]
[EventDate "2010.03.31"]
[EventType "swiss"]
[EventRounds "7"]
[EventCountry "GER"]
[SourceTitle "EXT 2011"]
[Source "ChessBase"]
[SourceDate "2010.11.26"]
[SourceVersion "1"]
[SourceVersionDate "2010.11.26"]
[SourceQuality "1"]

1. e4 e6 2. f4 d5 3. e5 c5 4. Nf3 b6 5. c3 Qd7 6. Na3 Ba6 7. Bxa6 Nxa6 8. Qe2 Nc7 9. Nc2 Nh6 10. d4 Be7 11. 0-0 0-0 12. Ne3 f6 13. Bd2 f5 14. Ng5 Bxg5 15. fxg5 Nf7 16. Qh5 g6 17. Qh4 Qe7 18. Kh1 h6 19. Rf3 hxg5 20. Nxf5 exf5 21. Bxg5 Qxg5 22. Qf2 Qh6 23. Rg3 Ng5 24. Qd2 f4 25. Rg4 Ne4 26. Qc2 Qh5 27. h3 f3 28. Rxe4 dxe4 29. Qxe4 fxg2+ 30. Kxg2 Qf5 31. Qh4 Qf3+ 32. Kg1 Qe3+ 33. Kh1 Rf2 34. Qh8+ Kxh8 0-1

[Event "Hessen-ch Gr-C 64th"]
[Site "Bad Vilbel"]
[Date "2010.04.03"]
[Round "6"]
[White "Mussler, Thomas"]
[Black "Fussnecker, Manfred"]
[Result "1/2-1/2"]
[WhiteElo "2118"]
[BlackElo "1963"]
[PlyCount "66"]
[EventDate "2010.03.31"]
[EventType "swiss"]
[EventRounds "7"]
[EventCountry "GER"]
[SourceTitle "EXT 2011"]
[Source "ChessBase"]
[SourceDate "2010.11.26"]
[SourceVersion "1"]
[SourceVersionDate "2010.11.26"]
[SourceQuality "1"]

1. e4 e5 2. Nf3 d6 3. d4 exd4 4. Nxd4 Nf6 5. Nc3 Be7 6. Be2 0-0 7. 0-0 Re8 8. f4 Bf8 9. Bf3 c5 10. Nb3 Nc6 11. Re1 a5 12. a4 Nb4 13. Nb5 d5 14. e5 Bf5 15. Na3 d4 16. exf6 Nxc2 17. Rxe8 Qxe8 18. Bd2 Nxa1 19. Nxa1 Be4 20. Nb5 Qc6 21. fxg7 Bxg7 22. Nb3 Bxf3 23. Qxf3 Qxf3 24. gxf3 b6 25. Nc1 Re8 26. Nd6 Re6 27. Nc4 Kf8 28. Kg2 h5 29. f5 Rc6 30. Nd3 Bf6 31. Bf4 Ke7 32. Kh3 Ke8 33. b3 Be7 1/2-1/2

[Event "Hessen-ch Gr-C 64th"]
[Site "Bad Vilbel"]
[Date "2010.04.01"]
[Round "2"]
[White "Lahr, Markus"]
[Black "Fussnecker, Manfred"]
[Result "0-1"]
[WhiteElo "2006"]
[BlackElo "1963"]
[PlyCount "58"]
[EventDate "2010.03.31"]
[EventType "swiss"]
[EventRounds "7"]
[EventCountry "GER"]
[SourceTitle "EXT 2011"]
[Source "ChessBase"]
[SourceDate "2010.11.26"]
[SourceVersion "1"]
[SourceVersionDate "2010.11.26"]
[SourceQuality "1"]

1. c4 e5 2. g3 Nc6 3. Bg2 f5 4. Nc3 Nf6 5. d3 Bb4 6. Nf3 0-0 7. 0-0 Bxc3 8. bxc3 Qe8 9. Rb1 d6 10. c5 d5 11. Qb3 e4 12. Ne1 Be6 13. Bf4 Qd7 14. Nc2 Nh5 15. Rbd1 Nxf4 16. gxf4 Qe7 17. Nd4 Nxd4 18. cxd4 b6 19. Rc1 Rf6 20. a4 Rh6 21. dxe4 fxe4 22. f5 Bf7 23. Qg3 Qf6 24. cxb6 axb6 25. Rxc7 Qxf5 26. Rfc1 Rg6 27. Qe5 Qh3 28. Kf1 Rxg2 29. Qe7 Rf8 0-1

[Event "Hessen-ch Gr-C"]
[Site "Idstein"]
[Date "2009.04.11"]
[Round "7"]
[White "Fussnecker, Manfred"]
[Black "Kutschera, Julian"]
[Result "0-1"]
[WhiteElo "1993"]
[BlackElo "1868"]
[PlyCount "36"]
[EventDate "2009.04.08"]
[EventType "swiss"]
[EventRounds "7"]
[EventCountry "GER"]
[SourceTitle "EXT 2010"]
[Source "ChessBase"]
[SourceDate "2010.11.25"]
[SourceVersion "1"]
[SourceVersionDate "2010.11.25"]
[SourceQuality "1"]

1. e4 c6 2. Ne2 d5 3. e5 c5 4. d4 Nc6 5. dxc5 e6 6. Be3 Nxe5 7. Nd4 Ne7 8. Nd2 N5c6 9. Bb5 Bd7 10. c4 e5 11. cxd5 exd4 12. Bg5 Nb4 13. c6 bxc6 14. Nc4 Qb8 15. 0-0 cxb5 16. Ne5 Qxe5 17. Bxe7 Bxe7 18. Re1 Qf6 0-1

[Event "Hessen-ch Gr-C"]
[Site "Idstein"]
[Date "2009.04.09"]
[Round "3"]
[White "Fussnecker, Manfred"]
[Black "Hoppe, Michael"]
[Result "1-0"]
[WhiteElo "1993"]
[BlackElo "1935"]
[PlyCount "83"]
[EventDate "2009.04.08"]
[EventType "swiss"]
[EventRounds "7"]
[EventCountry "GER"]
[SourceTitle "EXT 2010"]
[Source "ChessBase"]
[SourceDate "2010.11.25"]
[SourceVersion "1"]
[SourceVersionDate "2010.11.25"]
[SourceQuality "1"]

1. e4 c5 2. Nf3 Nc6 3. Bb5 d6 4. d4 cxd4 5. Qxd4 Bd7 6. Bxc6 Bxc6 7. Nc3 Nf6 8. Bg5 Nd7 9. 0-0-0 Qb6 10. Rhe1 Qxd4 11. Nxd4 g6 12. f4 Bg7 13. e5 dxe5 14. Ndb5 0-0 15. Bxe7 Rfc8 16. Bd6 a6 17. Nc7 Ra7 18. N3d5 Bxd5 19. Nxd5 Re8 20. Ne7+ Kh8 21. fxe5 b5 22. e6 fxe6 23. Rxe6 Raa8 24. Rde1 Red8 25. Nc6 Rdc8 26. Re7 Nf6 27. Ne5 Re8 28. g4 Rxe7 29. Bxe7 Nd5 30. Bd6 Bh6+ 31. Kb1 Kg8 32. c4 bxc4 33. Nxc4 Rd8 34. Be5 Re8 35. Bg3 Rd8 36. Re6 Nb4 37. Bd6 Rc8 38. b3 Nc6 39. Bg3 Bf8 40. g5 a5 41. Nb6 Rd8 42. Rxc6 1-0

[Event "Hessen-ch Gr-C"]
[Site "Idstein"]
[Date "2009.04.09"]
[Round "2"]
[White "Guenzler, Richard"]
[Black "Fussnecker, Manfred"]
[Result "1-0"]
[WhiteElo "1909"]
[BlackElo "1993"]
[PlyCount "73"]
[EventDate "2009.04.08"]
[EventType "swiss"]
[EventRounds "7"]
[EventCountry "GER"]
[SourceTitle "EXT 2010"]
[Source "ChessBase"]
[SourceDate "2010.11.25"]
[SourceVersion "1"]
[SourceVersionDate "2010.11.25"]
[SourceQuality "1"]

1. e4 e5 2. Nf3 d6 3. d4 exd4 4. Nxd4 Nf6 5. Nc3 Be7 6. Be2 0-0 7. 0-0 Re8 8. f4 Bf8 9. Bf3 Nbd7 10. Re1 c6 11. Be3 Nc5 12. Bf2 Ne6 13. Qd2 Qc7 14. Rad1 g6 15. h3 Bh6 16. Nde2 d5 17. e5 Nd7 18. Be3 Nb6 19. b3 Bg7 20. g4 f5 21. gxf5 gxf5 22. Ng3 d4 23. Bxd4 Nxd4 24. Qxd4 Be6 25. Kh2 Rad8 26. Qf2 Kh8 27. Nh5 Rxd1 28. Nxd1 Nd5 29. Bxd5 Bxd5 30. Rg1 Re7 31. Ne3 Be6 32. Qh4 Bxe5 33. fxe5 Qxe5+ 34. Qf4 Bf7 35. Nc4 Qe2+ 36. Rg2 Qxh5 37. Qd4+ 1-0

[Event "Rhein Main op 11th"]
[Site "Bad Homburg"]
[Date "2008.05.24"]
[Round "6"]
[White "Rondio, Thomas"]
[Black "Fussnecker, Manfred"]
[Result "0-1"]
[WhiteElo "1698"]
[BlackElo "1989"]
[PlyCount "100"]
[EventDate "2008.05.21"]
[EventType "swiss"]
[EventRounds "7"]
[EventCountry "GER"]
[SourceTitle "CBM 124 Extra"]
[Source "ChessBase"]
[SourceDate "2008.07.03"]
[SourceVersion "1"]
[SourceVersionDate "2008.07.03"]
[SourceQuality "1"]

1. e4 e5 2. Nf3 d6 3. d4 exd4 4. Nxd4 Nf6 5. Nc3 Be7 6. Bc4 0-0 7. 0-0 Re8 8. Bg5 Nbd7 9. Nf5 Bf8 10. Re1 Ne5 11. Bb5 c6 12. Ba4 d5 13. Nxd5 Bxf5 14. Nxf6+ gxf6 15. Qxd8 Raxd8 16. Bxf6 Bc8 17. Bxd8 Rxd8 18. Rad1 Re8 19. Bb3 Bc5 20. h3 b6 21. Rd2 Kf8 22. c3 Bxh3 23. Bd1 Bc8 24. b4 Be7 25. f4 Bh4 26. Rf1 Nc4 27. Rd3 Rxe4 28. g3 Bf6 29. Bf3 Re3 30. Rxe3 Nxe3 31. Rc1 Nd5 32. Bxd5 cxd5 33. Kf2 Bf5 34. Ke3 Ke7 35. Kd2 h5 36. Re1+ Kd7 37. Rh1 Bg4 38. Re1 d4 39. cxd4 Bxd4 40. Rf1 b5 41. Kd3 Bf6 42. Rf2 Bf5+ 43. Kd2 Kd6 44. Rh2 Bg4 45. Kd3 Kd5 46. Rh1 Bf3 47. Rh2 Bd4 48. a4 Be4+ 49. Kd2 bxa4 50. Rxh5+ Kc4 0-1

[Event "Rhein Main op 11th"]
[Site "Bad Homburg"]
[Date "2008.05.21"]
[Round "1"]
[White "Fussnecker, Manfred"]
[Black "Fischer, Ulrich"]
[Result "1-0"]
[WhiteElo "1989"]
[BlackElo "1256"]
[PlyCount "125"]
[EventDate "2008.05.21"]
[EventType "swiss"]
[EventRounds "7"]
[EventCountry "GER"]
[SourceTitle "CBM 124 Extra"]
[Source "ChessBase"]
[SourceDate "2008.07.03"]
[SourceVersion "1"]
[SourceVersionDate "2008.07.03"]
[SourceQuality "1"]

1. e4 e5 2. Nc3 Nf6 3. f4 d5 4. fxe5 Nxe4 5. Nf3 Be7 6. Qe2 Nxc3 7. dxc3 0-0 8. Bf4 c6 9. 0-0-0 Bf5 10. h4 Re8 11. Nd4 Be4 12. e6 Bf6 13. exf7+ Kxf7 14. Qf2 Nd7 15. h5 Kg8 16. h6 g6 17. Be2 Ne5 18. Rhf1 Qe7 19. Kb1 Rf8 20. Qg3 Rae8 21. Bf3 Bxf3 22. gxf3 Bh4 23. Qh2 Qf6 24. Bxe5 Rxe5 25. f4 Bg5 26. fxe5 Qxf1 27. Qh1 Qxh1 28. Rxh1 Re8 29. Nf3 Bf4 30. c4 dxc4 31. Rh4 Be3 32. c3 b5 33. Kc2 c5 34. Kd1 g5 35. Rg4 Re6 36. Nxg5 Bxg5 37. Rxg5+ Kf8 38. Rg7 Re7 39. Rg5 Kf7 40. Kd2 Ke6 41. Ke3 Rf7 42. Ke4 Rf1 43. Rg7 Re1+ 44. Kf4 Rf1+ 45. Ke3 Re1+ 46. Kf2 Rxe5 47. Rxh7 Rh5 48. Rxa7 Kf6 49. h7 Kg6 50. Kf3 Kf6 51. Rc7 b4 52. Rxc5 Rxh7 53. Rxc4 bxc3 54. Rxc3 Rh2 55. Rb3 Ke5 56. Rb5+ Kd4 57. a4 Kc4 58. Rb8 Rh1 59. b4 Ra1 60. a5 Ra4 61. Rb6 Kd5 62. a6 Kc4 63. Kf4 1-0

[Event "Hessen-ch Gr-C 62nd"]
[Site "Hanau"]
[Date "2008.03.21"]
[Round "5"]
[White "Will, Jens Robert"]
[Black "Fussnecker, Manfred"]
[Result "1-0"]
[WhiteElo "1964"]
[BlackElo "1989"]
[PlyCount "171"]
[EventDate "2008.03.19"]
[EventType "swiss"]
[EventRounds "7"]
[EventCountry "GER"]
[SourceTitle "CBM 123 Extra"]
[Source "ChessBase"]
[SourceDate "2008.05.06"]
[SourceVersion "1"]
[SourceVersionDate "2008.05.06"]
[SourceQuality "1"]

1. Nf3 f5 2. e4 fxe4 3. Ng5 Nf6 4. d3 e3 5. Bxe3 d5 6. Be2 d4 7. Bf4 Qd5 8. 0-0 Qf5 9. Bd2 Nc6 10. f4 Bd7 11. Na3 h6 12. Nf3 0-0-0 13. Nc4 Qh7 14. Nce5 g5 15. Nxd7 Nxd7 16. fxg5 hxg5 17. Bxg5 Nde5 18. Bf4 Bg7 19. h3 Rdg8 20. Ng5 Qg6 21. Bg4+ Kb8 22. Be6 Rf8 23. Qd2 Bh6 24. Bd5 Rxf4 25. Qxf4 Bxg5 26. Qf8+ Qe8 27. Qxe8+ Rxe8 28. Rf5 Be3+ 29. Kh2 e6 30. Bxe6 Ng6 31. Bf7 Nge7 32. Bxe8 Nxf5 33. Rf1 Nce7 34. g4 Nd6 35. Bf7 c6 36. h4 Bh6 37. g5 Bg7 38. h5 Kc7 39. h6 Be5+ 40. Kh3 Nef5 41. Be6 Ne7 42. Kg4 Ng6 43. h7 Bg7 44. Kh5 Ne5 45. g6 Kd8 46. h8Q+ Bxh8 47. Rf8+ Ke7 48. Rxh8 Nxg6 49. Kxg6 Kxe6 50. Rh2 a5 51. Re2+ Kd5 52. Kf6 c5 53. Re5+ Kc6 54. Ke6 a4 55. Rh5 Nb5 56. a3 Nc7+ 57. Ke5 Kb5 58. Rh7 Kc6 59. Rh6+ Kb5 60. Rh8 Kc6 61. Rc8 Kb6 62. Kd6 Na6 63. Ra8 Kb5 64. Rxa6 bxa6 65. Kd5 Kb6 66. c3 dxc3 67. bxc3 Kb5 68. c4+ Kb6 69. Kd6 Ka5 70. Ke6 Kb6 71. Kd5 Ka5 72. d4 cxd4 73. Kxd4 Kb6 74. Kd5 Kc7 75. Kc5 Kb7 76. Kb4 Kc6 77. Kxa4 Kc5 78. Kb3 Kc6 79. Kb4 Kb6 80. c5+ Kc6 81. Kc4 Kc7 82. Kd5 Kd7 83. c6+ Kc7 84. Kc5 a5 85. a4 Kc8 86. Kb6 1-0